<?xml version="1.0" encoding="UTF-8"?><?xml-stylesheet type="text/xsl" href="static/style.xsl"?><OAI-PMH xmlns="http://www.openarchives.org/OAI/2.0/" xmlns:xsi="http://www.w3.org/2001/XMLSchema-instance" xsi:schemaLocation="http://www.openarchives.org/OAI/2.0/ http://www.openarchives.org/OAI/2.0/OAI-PMH.xsd"><responseDate>2026-06-07T08:01:46Z</responseDate><request verb="GetRecord" identifier="oai:riuma.uma.es:10630/31616" metadataPrefix="marc">https://riuma.uma.es/rest/oai/request</request><GetRecord><record><header><identifier>oai:riuma.uma.es:10630/31616</identifier><datestamp>2026-02-03T11:18:42Z</datestamp><setSpec>com_10630_2254</setSpec><setSpec>col_10630_37953</setSpec></header><metadata><record xmlns="http://www.loc.gov/MARC21/slim" xmlns:dcterms="http://purl.org/dc/terms/" xmlns:doc="http://www.lyncode.com/xoai" xmlns:xsi="http://www.w3.org/2001/XMLSchema-instance" xsi:schemaLocation="http://www.loc.gov/MARC21/slim http://www.loc.gov/standards/marcxml/schema/MARC21slim.xsd">
   <leader>00925njm 22002777a 4500</leader>
   <datafield ind2=" " ind1=" " tag="042">
      <subfield code="a">dc</subfield>
   </datafield>
   <datafield ind2=" " ind1=" " tag="720">
      <subfield code="a">Isla-Castillo, Fernando</subfield>
      <subfield code="e">author</subfield>
   </datafield>
   <datafield ind2=" " ind1=" " tag="260">
      <subfield code="c">2001</subfield>
   </datafield>
   <datafield ind2=" " ind1=" " tag="520">
      <subfield code="a">Los modelos tradicionales de predicción y simulación regional tales como el modelo de base&#xd;
económica y los modelos input-output sostienen hipótesis bien documentadas. Por ejemplo, la&#xd;
demanda es perfectamente inelástica y la oferta es perfectamente elástica, por lo que dichos modelos&#xd;
proporcionan multiplicadores constantes. En mi opinión las hipótesis que hay detrás del&#xd;
modelo input-output no son realistas. Este artículo presenta la estructura general del modelo económico&#xd;
de simulación para Andalucía (MECA) que va más allá de los modelos de base económica&#xd;
y los models input-output. En primer lugar, este artículo describe como obtener especificaciones&#xd;
alternativas de la oferta y demanda de trabajo a partir de casos particulares del modelo MECA. En&#xd;
particular, derivamos un conjunto de multiplicadores de producción y empleo con seis modelos&#xd;
alternativos. Los diferentes modelos afectan al valor de los multiplicadores.</subfield>
   </datafield>
   <datafield ind1="8" ind2=" " tag="024">
      <subfield code="a">Isla Castillo, F., (2001). Un modelo económico de simulación para Andalucía: fundamentos metodológicos y modelos alternativos. Revista de Estudios Regionales,  (61), 119-150. ISSN: 0213-7585</subfield>
   </datafield>
   <datafield ind1="8" ind2=" " tag="024">
      <subfield code="a">0213-7585</subfield>
   </datafield>
   <datafield ind1="8" ind2=" " tag="024">
      <subfield code="a">https://hdl.handle.net/10630/31616</subfield>
   </datafield>
   <datafield tag="653" ind2=" " ind1=" ">
      <subfield code="a">Modelos econométricos - Andalucía</subfield>
   </datafield>
   <datafield ind2="0" ind1="0" tag="245">
      <subfield code="a">Un modelo económico de simulación para Andalucía: fundamentos metodológicos y modelos alternativos.</subfield>
   </datafield>
</record>
</metadata></record></GetRecord></OAI-PMH>